Statistics for Complete Toy Story Characters Quiz

Click here to take the quiz!

General Stats

  • This quiz has been taken 3,261 times
    (3,259 since last reset)
  • The average score is 18 of 45

Answer Stats

Hint Answer % Correct
1. Andy's favorite sheriffWoody
99%
2. The new toy on the block, a Space RangerBuzz Lightyear
99%
5. Friendly green dinosaurRex
88%
7. Plastic spud with removable partsMr. Potato Head
83%
16. Red-headed cowgirlJessie
80%
9. Woody's favorite dog made of coiled metalSlinky Dog
78%
3. Pink and lovable piggy bankHamm
75%
19. Man in the chicken suit, owns a toy barnAl
74%
21. Andy's evil next-door neighborSid
70%
44. The 'mother' of the Green Aliens, married to Mr. Potato HeadMrs. Potato Head
68%
14. Woody's trusty steedBullseye
67%
32. The above's love interestBarbie
67%
31. A 'groovy', lifelike toy from Sunnyside DaycarKen
65%
40. Woody's love interest, a sheppardessBo Peep
57%
25. Pink bear that smells like strawberriesLots-O'-Huggin' Bear
54%
12. "The clawwwwwwwwwww"Green Aliens
53%
34. The sworn enemy of the Galactic AllianceEmperor Zurg
51%
20. Also known as "Prospector"Stinky Pete
47%
10. Woody's favorite real dog he uses to get to the yard saleBuster
43%
30. A 'magic screen' toy that Woody says has the 'fastest knobs in the West'Etch
40%
11. Remote controlled carRC
39%
17. Penguin with a broken 'squeaker'Wheezy
38%
15. Andy's little sisterMolly
38%
4. Diabolical alter-ego of the aboveEvil Dr. Porkchop
35%
35. A clown with a rather contradicting name, considering he never laughsChuckles
27%
38. A baby doll that was lost at a rest stopBig Baby
26%
27. Commander of the Green Army MenSarge
25%
26. The other dinosaur in the series, a triceratopsTrixie
23%
33. A variation of the above, drives the toys in Al's Toy BarnTour Guide Barbie
23%
41. A green worm that seems to know everything about toysBookworm
22%
42. The previous owner of #16Emily
21%
13. Formal hedgehog, first seen at Bonnie's houseMr. Pricklepants
17%
6. Purple octopus at Sunnyside DaycareStretch
14%
23. Toy that #21 blew up with a firecrackerCombat Carl
13%
22. The above's pet dogScud
13%
24. Talking pair of binocularsLenny
13%
36. A white unicorn found at Bonnie's houseButtercup
12%
37. A walking fishing rod, one of Sid's mutant toysLegs
12%
28. Phonetically-inclined toy that Buzz uses to figure out Al's liscense plateMr. Spell
12%
18. A blue rubber shark that finds the above's new squeakerMr. Shark
10%
8. Diabolical alter-ego of the aboveOne-Eyed Bart
10%
29. Wrestler toy, the strongest toy in Andy's roomRocky
6%
43. Another of Sid's mutant toys, a combination of a baby doll and a metal spiderBaby Face
5%
45. The above's evil alter-egoOne-Eyed Betty
5%
39. A half bug, half warrior toy from Sunnyside DaycareTwitch
4%

Score Distribution

Percentile by Number Answered

Percent of People with Each Score

Your Score History

You have not taken this quiz since the last reset